banner-ar

مختصر شوم فى الديناميكا الحرارية : (Record no. 36395)

MARC details
000 -الفاتح
حقل البيانات ثابتة الطول 00918nam a2200229Ia 4500
005 - وقت وتاريخ اخر تعامل مع التسجيلة
رقم الضبط 20240530103037.0
008 - عناصر البيانات ثابتة الطول - معلومات عامة
حقل البيانات ثابتة الطول 140319s9999 xx 000 0 ara d
040 ## - مصدر الفهرسة
وكالة الفهرسة الأصلية GCL /
وكالة النسخ GCL
082 04 - رقم تصنيف ديوى العشرى
رقم التصنيف 536.7
رقم المادة ا م
100 1# - المدخل الرئيسى - إسم شخصى
الإسم الشخصى ابوت، م. مايكل
245 10 - بيان العنوان
العنوان مختصر شوم فى الديناميكا الحرارية :
بقية العنوان نظرية ومسائل باستخدام النظام المترى للوحدات si /
بيان المسئوليه,etc تاليف مايكل م. ابوت ؛ ترجمة سعيد بسيونى الجزيرى
260 ## - PUBLICATION, DISTRIBUTION, ETC. (IMPRINT)
تاريخ النشر أو التوزيع 1992
300 ## - الوصف المادى
التعداد 471
490 ## - بيان السلسلة
عنوان السلسلة بحوث اجتماعية
رقم المجلد/ التعيين التسلسلي 0
650 04 - المدخل الاضافى بالموضوع-مصطلح موضوعى
مصطلح موضوعي الديناميكا الحرارية
650 04 - المدخل الاضافى بالموضوع-مصطلح موضوعى
مصطلح موضوعي العلوم البحتة
700 1# - المدخل الاضافى - اسم شخصى
الإسم الشخصى سعيد بسيونى الجزيرى
700 1# - المدخل الاضافى - اسم شخصى
الإسم الشخصى هيس, هـ.س.فان
700 1# - المدخل الاضافى - اسم شخصى
الإسم الشخصى احمد فؤاد باشا
942 ## - عناصر المدخل الإضافي( كوها)
مصدر التصنيف او مخطط الترفيف Dewey Decimal Classification
Koha [default] item type كتاب
260 ## - PUBLICATION, DISTRIBUTION, ETC. (IMPRINT)
-- [S.N] :
-- الدار الدولية للنشر والتوزيع ،
Holdings
حالة التراجع حالة الفقد حالة تلف ليس للاعارة المكان المؤقت الموقع الحالى تاريخ الاكتساب اجمالي اﻻعارات رقم الطلب الباركود تاريخ اخر مشاهدة تاريخ تفعيل السعر نوع وعاء كوها
        مكتبة القاهرة الكبرى مكتبة القاهرة الكبرى 03/26/2014   536.7\ا د 88509 03/26/2014 03/26/2014 كتاب
        مكتبة القاهرة الكبرى مكتبة القاهرة الكبرى 03/26/2014   536.7\ا د 88510 03/26/2014 03/26/2014 كتاب

Powered By

EGPV